| 000 | 00886nam a2200241Ia 4500 | ||
|---|---|---|---|
| 003 | GCL | ||
| 008 | 140319s9999 xx 000 0 ara d | ||
| 040 |
_aGCL / _cGCL |
||
| 082 | 0 | 4 |
_aد _b050 |
| 100 | 1 | _aابراهيم عثمان | |
| 245 | 1 | 0 |
_aاوروبا والتخلف فى افريقيا : ( عالم المعرفة 132 ) / _cابراهيم عثمان |
| 700 | 1 | _aاحمد القصير | |
| 700 | 1 | _aرودنى، والتر | |
| 260 |
_aالكويت : _bالمجلس الوطنى للثقافة والفنون والاداب ، _c1988 |
||
| 300 |
_a430 ص ؛ _c20 سم |
||
| 490 |
_aعالم المعرفة _v132 |
||
| 650 | 0 | 4 | _aافريقيا |
| 650 | 0 | 4 | _aالامبريالية |
| 650 | 0 | 4 | _aالامبريالية الغربية |
| 650 | 0 | 4 | _aافريقيا - مستعمرات |
| 650 | 0 | 4 | _aافريقيا - الاحوال الاقتصادية |
| 942 |
_2ddc _cBK |
||
| 999 |
_c50268 _d50268 |
||